DINAMICA Y GENESIS DE GRUPOS /
TRADUCCION DE: DINAMIQUE ET GENESIS DE GROUPES
সংরক্ষণ করুন:
| প্রধান লেখক: | |
|---|---|
| বিন্যাস: | গ্রন্থ |
| মালা: | BIBLIOTECA MAROVA DE ESTUDIOS DEL HOMBRE;
2 |
| বিষয়গুলি: | |
| ট্যাগগুলো: |
কোনো ট্যাগ নেই, প্রথমজন হিসাবে ট্যাগ করুন!
|
MARC
| LEADER | 00000nam^a2200000^a^4500 | ||
|---|---|---|---|
| 001 | 000217718 | ||
| 005 | 20250521000000.0 | ||
| 009 | 20260526131746.297 | ||
| 037 | |a Acervo Xavier Clavigero | ||
| 082 | |a 302. |b MAI | ||
| 100 | |a Mailhiot, Bernard |e (autor) | ||
| 245 | 1 | 0 | |a DINAMICA Y GENESIS DE GRUPOS / |c BERNARD MAILHIOT; TR. WALDO MARTINEZ |
| 264 | |a Madrid, España : |b Marova, |c 1971 | ||
| 300 | |a 183 p. | ||
| 336 | |a texto |b txt |2 rdacontenido | ||
| 337 | |a sin mediación |b n |2 rdamedio | ||
| 338 | |a volumen |b nc |2 rdasoporte | ||
| 440 | |a BIBLIOTECA MAROVA DE ESTUDIOS DEL HOMBRE; |v 2 | ||
| 520 | |a TRADUCCION DE: DINAMIQUE ET GENESIS DE GROUPES | ||
| 649 | |a XX | ||
| 650 | |a Dinámica de Grupos | ||
| 650 | |a Comunicación Personal | ||
| 650 | |a Psicología Social | ||
| 650 | |a Lewin, Kurt | ||
| 910 | |a Fondo General | ||
| 920 | |a Impresos - Libros | ||
| 930 | |a Colección General | ||
| 905 | |a 101 | ||
| 901 | |a 006732 |b IT1 |c ACC |i 006732 |u 20250521 | ||
| 902 | |a https://opac.biblio.iteso.mx/vufind/Record/000217718 | ||